| 000 | 00894nam a2200265 a 4500 | ||
|---|---|---|---|
| 001 | 000034008 | ||
| 005 | 20200930070709.0 | ||
| 008 | 090701s1997 dr a 001 0 spa d | ||
| 020 | _a9768156708 | ||
| 040 |
_aDO-SdBNP _bspa _cBNPHU |
||
| 082 |
_a741.5 _bP438t |
||
| 100 | 1 |
_aPérez, Faustino, _d1945- _97195 |
|
| 245 | 1 | 0 |
_aTralalá del cómic / _cFaustino Pérez. |
| 260 |
_aSanto Domingo : _bBúho, _c1997. |
||
| 300 |
_a287 p. : _bil. ; _c22 cm. |
||
| 500 | _aIncluye datos biográficos del autor en la solapa de la cubierta. | ||
| 500 | _aBibliografía y notas al final de capítulos. | ||
| 504 | _aBibliografía : p.283-287. | ||
| 590 | _aInventariado, 2018/LP | ||
| 650 | 4 |
_aTiras cómicas, historietas, etc. _911307 |
|
| 650 | 4 |
_aCaricaturas _97197 |
|
| 650 | 4 |
_aArte de tiras cómicas _97198 |
|
| 650 | 4 |
_aHumorismo gráfico _97199 |
|
| 910 | _aValidado. Control de calidad EMS. | ||
| 999 |
_c33499 _d33499 |
||